Air Catcher - Twenty One Pilots Lyrics - Statistics

General Stats
  • This quiz has been taken 81 times
  • The average score is 167 of 196
Answer Stats
Lyrics % Correct
a
100%
air
100%
and
100%
And
100%
I
100%
to,
100%
to
100%
catcher
97%
fall
97%
like
97%
my
97%
My
97%
stolen
97%
you
97%
don't
95%
down
95%
in
95%
straight
95%
used
95%
me
92%
slow
92%
So
92%
that
92%
You've
92%
you've
92%
eyes,
89%
eyes
89%
fallin'
89%
safe
89%
sound
89%
the
89%
those
89%
try
89%
will
89%
won't
89%
avoid
87%
love
87%
with
87%
kept
84%
hear
82%
it
82%
back
79%
be
79%
But
79%
can
79%
know
79%
now
79%
parachutes
79%
see
79%
want
79%
destroy
76%
heart
76%
just
76%
give
74%
if
74%
I'm
74%
not
74%
oh
74%
pretty
74%
thing
74%
what
74%
beat
71%
contest
71%
moon
71%
on
71%
wanna
71%
would
71%
cord's
68%
ground
68%
missed
68%
safely
68%
staring
68%
think
68%
Tools
68%
very
68%
workin'
68%
as
66%
first
66%
say
66%
was
66%
words
66%
happened
63%
believe
61%
'Cause
61%
doing
61%
fears
61%
fine
61%
own
61%
sure
61%
much
58%
selfishly
58%
there
58%
wasn't
58%
guide
55%
here
55%
I'll
55%
lacked
55%
breathe
53%
talkin'
50%
write
37%
No matching quizzes found
Score Distribution
Percent of People with Each Score
Percentile by Number Answered
Your Score History
You have not taken this quiz